| 000 | 00420nam a22001697a 4500 | ||
|---|---|---|---|
| 003 | CEME | ||
| 005 | 20210628210415.0 | ||
| 008 | 210216b xxu||||| |||| 00| 0 eng d | ||
| 040 | _c. | ||
| 082 | _a297 MUZ | ||
| 100 |
_aWarsi, Muzaffar Muzaffar Warsi _979271 |
||
| 245 | _aKaabay-e-ishiq | ||
| 260 |
_aLAHORE _bALQMAR ENTERPRISES _c1993 |
||
| 300 | _a192P | ||
| 650 |
_aISLAM-NAATEYA KALAM _979071 |
||
| 942 |
_cBK _2ddc |
||
| 999 |
_c584321 _d584321 |
||